| 000 | 00858nam a2200265 a 4500 | ||
|---|---|---|---|
| 001 | 51870 | ||
| 003 | BD-RjUL | ||
| 005 | 20211209075725.0 | ||
| 008 | 160904s1950 nyua b 001 0 eng | ||
| 035 | _a(BD-RjUL) 51990 | ||
| 040 |
_aBD-RjUL _cDLC _dICU _dDLC _dBD-RjUL _beng |
||
| 041 | _aeng | ||
| 082 | 0 | 0 |
_223 _a519.2 _bFEI 1961 |
| 100 | 1 |
_aFeller, William, _d1906-1970. _920790 |
|
| 245 | 0 | 3 |
_aAn introduction to probability theory and its applications / _cWilliam Feller |
| 250 | _a2nd ed. | ||
| 260 |
_aNew York : _bWiley, _cc1966 |
||
| 300 |
_aV. : _bill. ; _c23 cm. |
||
| 500 | _aVol. 2 has series: Wiley series in probability and mathematical statistics. | ||
| 504 | _a Includes bibliographies and index. | ||
| 505 | 0 | _aV. 1---V.2--- | |
| 650 | 0 |
_aProbabilities. _9243 |
|
| 942 |
_2ddc _cBK |
||
| 999 |
_c51870 _d51870 |
||